Normal view
MARC view
Entry Personal Name
001 - CONTROL NUMBER
- control field: 114591
003 - CONTROL NUMBER IDENTIFIER
- control field:
005 - DATE AND TIME OF LATEST TRANSACTION
- control field: 20210601184623.0
008 - FIXED-LENGTH DATA ELEMENTS
- fixed length control field: 210601|| aca||aabn | a|a d
040 ## - CATALOGING SOURCE
- Original cataloging agency:
- Transcribing agency:
100 ## - HEADING--PERSONAL NAME
- Personal name: Rama Doss, Haripriya
670 ## - SOURCE DATA FOUND
- Source citation: Work cat.: (): Birjadish Prasad 109638, A background of the study of English literature/, 2002
